000 00399ntaaa2200169 4500
003 01
005 20251027201548.0
008 0714s1973 ag 01
040 _aAR-BaBN
_bspa
_cAR-BaBN
_eaacr
_dRIC
082 _a230.0000 B725
100 _aBooth, C. O.
_914305
245 _aTeología sencilla para gente sencilla
250 _a1 ed.
260 _as.l.,
_c1938
650 _aTeología
942 _cBK
999 _c10247
_d10247